| 000 | 00000nam##2200000za#4500 |
| 001 | 9.603988 |
| 003 | CaOODSP |
| 005 | 20260128153018 |
| 007 | cr ||||||||||| |
| 008 | 150406|1991||||xxc|||||o f|0| 0 fre|d |
| 022 | |a1488-545X |
| 040 | |aCaOODSP|bfre |
| 043 | |an-cn--- |
| 086 | 1 |aFs97-6/1796F-PDF |
| 110 | 2 |aInstitut Maurice-Lamontagne. |
| 245 | 10|aRésultats du premier programme de suivi des populations de phytoplancton toxique dans l'estuaire et le Golfe du Saint-Laurent (Région du Québec) / |h[ressource électronique]|cpar Richard Larocque et Allan D. Cembella. |
| 260 | |aMont-Joli - Québec : |bPêches et Océans Canada. |cc1991. |
| 300 | |a52p.|bgraphiques, carte, références, tableau |
| 490 | 1 |aRapport technique canadien des sciences halieutiques et aquatiques|x1488-545X|vN° 1796 |
| 500 | |aLe n° de catalogue (FS97-6/1796F) et l'ISSN (0706-6570) de l'édition imprimée ont été incorrectement copiés dans l'édition électronique. |
| 546 | |a(Abstract in English) |
| 590 | |a12-23-Supp|b2012-05-28 |
| 720 | 1 |aLarocque, Richard |
| 720 | 1 |aCembella, Allan D. |
| 776 | 0#|tRésultats du premier programme de suivi des populations de phytoplancton toxique dans l'estuaire et le Golfe du Saint-Laurent (Région du Québec) / |w(CaOODSP)9.621232 |
| 830 | #0|aRapport technique canadien des sciences halieutiques et aquatiques,|x1488-545X|vN° 1796|w(CaOODSP)9.500867 |
| 856 | 40|ahttp://publications.gc.ca|qPDF|s1.55 Mo|uhttps://publications.gc.ca/collections/collection_2012/mpo-dfo/Fs97-6-1796-fra.pdf|yN° 1796 |